| 000 | 00000nam 2200000zi 4500 |
| 001 | 9.942912 |
| 003 | CaOODSP |
| 005 | 20250821143125 |
| 006 | m o d f |
| 007 | cr mn||||||||| |
| 008 | 240906t20242024onca ob f000 0 eng d |
| 020 | |a9780660735290 |
| 040 | |aCaOODSP|beng|erda|cCaOODSP |
| 086 | 1 |aNR24-126/2024E-PDF |
| 100 | 1 |aKo, Yoon, |eauthor. |
| 245 | 10|aTechnical best practice for use of water mist systems in mass timber residential buildings / |cauthor(s), Yoon Ko, Nour Elsagan. |
| 246 | 17|aNRC technical best practice for use of water mist systems in mass timber residential buildings |
| 264 | 1|a[Ottawa] : |bNational Research Council of Canada = Conseil national de recherches Canada, |c2024. |
| 264 | 4|c©2024 |
| 300 | |a1 online resource (xiii, 42 pages) : |billustrations (chiefly colour) |
| 336 | |atext|btxt|2rdacontent |
| 337 | |acomputer|bc|2rdamedia |
| 338 | |aonline resource|bcr|2rdacarrier |
| 500 | |aTitle from cover. |
| 500 | |a"NRC-CNRC Construction." |
| 500 | |a"Report no.: A1-018023.1" |
| 500 | |a"Report date: Jun 5th, 2023." |
| 500 | |a"Review/approval date: Aug 29th, 2024." |
| 504 | |aIncludes bibliographical references (pages 39-42). |
| 520 | |a"Water mist systems are considered in protection of encapsulated mass timber construction (EMTC), due to their typically low water spray rates. This technical best practice provides an overview of regulatory requirement for the fire protection of residential mass timber buildings including fire suppression systems, and it discusses applicable characteristics and design considerations of water mist systems, which are not addressed in the existing standards and guidelines. …"--Executive summary, page vii. |
| 650 | 0|aFire sprinklers. |
| 650 | 0|aFire extinction|xEquipment and supplies. |
| 650 | 0|aWooden-frame buildings|xFires and fire prevention. |
| 650 | 0|aDwellings|xFires and fire prevention. |
| 650 | 6|aExtincteurs automatiques. |
| 650 | 6|aIncendies|xExtinction|xAppareils et matériel. |
| 650 | 6|aConstructions à ossature de bois|xIncendies et prévention des incendies. |
| 650 | 6|aHabitations|xIncendies et prévention des incendies. |
| 710 | 2 |aNational Research Council Canada, |eissuing body. |
| 856 | 40|qPDF|s1.35 MB|uhttps://publications.gc.ca/collections/collection_2025/cnrc-nrc/NR24-126-2024-eng.pdf |